Statistical Methods

Gespeichert in:
Bibliographische Detailangaben
1. Verfasser: Snedecor, George W.
Weitere Verfasser: Cochran, William G.
Format: Buch
Sprache:Englisch
Veröffentlicht: Ames Iowa State University Press 1989
Ausgabe:8. ed.
Schlagworte:
Tags: Tag hinzufügen
Keine Tags, Fügen Sie das erste Tag hinzu!

MARC

LEADER 00000nam a2200000 4500
001 c018969
005 20221206131633.9
020 |a 0-8138-1561-6 
041 0 |a eng 
044 |a US 
245 1 0 |a Statistical Methods  |c George W. Snedecor, William G. Cochran 
250 |a 8. ed. 
264 1 |a Ames  |b Iowa State University Press  |c 1989 
300 |a 503 s. 
610 2 0 |a štatistika 
610 2 0 |a štatistika aplikovaná 
610 2 0 |a dáta 
610 2 0 |a údaje štatistické 
610 2 0 |a distribúcia informácií 
610 2 0 |a odhad štatistický 
610 2 0 |a hypotézy štatistické 
610 2 0 |a testovanie hypotéz 
610 2 0 |a metódy štatistické 
610 2 0 |a regresia 
610 2 0 |a korelácia 
610 2 0 |a analýza štatistická 
100 1 |a Snedecor, George W. 
700 1 |a Cochran, William G.